000 00678nam a2200253Ia 4500
001 Para_6506
003 CHAP
008 220125s1979 xx 000 0 und d
010 _a205364
040 _cCHAP
082 _aPA 632.95 M3 1979
100 _aMatthews, G. A.
_973077
245 _aPesticide application methods /
_c by G. A. Matthews
260 _aNew York :
_b Longman Scientific and Technical
300 _a336 p.
650 _aPesticidas
_x aplicacion
_987539
901 _aPA 632.95 M3 1979
902 _aA
905 _a0000001979 ai 0000000000 00
910 _a1979
942 _cPARA
942 _cPARA
_d1
999 _c205364
_d205364